| 000 | 01321cam a2200397 a 4500 | ||
|---|---|---|---|
| 001 | 15969914 | ||
| 003 | OSt | ||
| 005 | 20140311162956.0 | ||
| 008 | 091102s2009 enk b 001 0 eng d | ||
| 010 | _a 2009279462 | ||
| 020 | _a9780230210288 (pbk.) | ||
| 020 | _a0230210287 (pbk.) | ||
| 035 | _a(OCoLC)ocn422665763 | ||
| 040 |
_aSINIE _cSINIE _dSINIE _dBWX _dUAT _dOXF _dOI@ _dDLC |
||
| 042 | _alccopycat | ||
| 050 | 0 | 0 |
_aPN 2193.A8 _b.F74 2009 |
| 100 | 1 | _aFreshwater, Helen. | |
| 245 | 1 | 0 |
_aTheatre & audience / _cHelen Freshwater. |
| 246 | 3 | _aTheatre and audience | |
| 246 | 3 | _aTheater & audience | |
| 246 | 3 | _aTheater and audience | |
| 260 |
_aHoundmills, Basingstoke, Hampshire, UK ; _aNew York : _bPalgrave Macmillan, _c2009. |
||
| 300 |
_a86 p. : _c18 cm. |
||
| 490 | 0 | _aTheatre& | |
| 504 | _aIncludes bibliographical references (p. 77-84) and index. | ||
| 521 | _aEDU | ||
| 650 | 0 | _aTheater audiences. | |
| 650 | 0 |
_aTheater audiences _xPsychology. |
|
| 650 | 0 | _aTheater and society. | |
| 650 | 0 |
_aDrama _xHistory and criticism. |
|
| 906 |
_a7 _bcbc _ccopycat _d2 _encip _f20 _gy-gencatlg |
||
| 942 |
_2lcc _cBK _kFOR |
||
| 999 |
_c39062 _d39062 |
||